| 000 | 01090cam a22002651 4500 | ||
|---|---|---|---|
| 001 | ca 10001983 | ||
| 003 | DLC | ||
| 005 | 20260227111052.0 | ||
| 008 | 780522s1887 nyu a 000 1 eng | ||
| 010 | _aca 10001983 | ||
| 040 |
_aDLC _cDLC _dDLC |
||
| 050 | 1 | 0 |
_aPZ3.L25 _bHd _aPR4876 |
| 050 | 0 | 0 | _aMicrofilm 76117 PZ |
| 100 | 1 |
_a[Lang, Andrew] _d1844-1912. |
|
| 245 | 1 | 0 |
_aHe. _cBy the author of "It," "King Solomon's wives," "Bess," "Much darker days," "Mr. Morton's subtler," and other romances. |
| 260 |
_aNew York, _bG. Munro _c[1887] |
||
| 300 |
_a4 p.l., [11]-132 p. _c19 cm. |
||
| 490 | 0 |
_aSeaside library. Pocket ed. _vno. 966 |
|
| 500 | _aA parody of She by Sir H. R. Haggard; another parody with the same title was written by J. De Morgan. | ||
| 505 | 0 | _aHe.--A siege baby, and Childhood's memories. By J. S. Winter [pseud.] | |
| 533 |
_aMicrofilm. _bWashington, D.C., _cLibrary of Congress. |
||
| 700 | 1 |
_aPollack, Walter Herries, _d1850-1926, _ejoint author. |
|
| 700 | 1 |
_aWinter, John Strange, _d1856-1911. |
|
| 700 | 1 |
_aHaggard, H. Rider _q(Henry Rider), _d1856-1925. _tShe. |
|
| 999 |
_c14227 _d14227 |
||